00517nam a2200205Ia 4500001000700000003000500007008004100012010001100053040000900064082001500073100002100088245007800109260005200187300002100239440000500260500000500265503000500270650001800275650001800293Z_4364CHAP220113s1974 xx 000 0 und d a167434 cCHAP a574.12 C65 aComroe, Julius H aPhysiology of respiration : an introductory text /cpor Julius H Comroe aChicago :bYear Book Medical Publishers,c1974 a316 p. : bilus. a a a aFisiología  aRespiración